000 004020000a22001690004500
003 LK-CoMWRAF
008 230817t ||||| |||| 00| 0 eng d
040 _aLK-CoMWRAF
_dLK-CoMWRAF
_eLK-CoMWRAF
041 _aeng
082 _a022
_bBAR
245 _aBarathiyar Kavithaikal
_b
250 _a4th.ed
260 _aMadras
_bPoompugar pathipakam
_c1991
300 _ap.464
650 _apoem
942 _cBK
999 _c2827
_d2827